000 01561nam a2200409 i 4500
001 193062
003 SpMaBN
005 20250302202845.0
007 ta
008 230727s2021 sp a | |||| 001 0 spa
017 _aCO 1187-2021
_bOficina Depósito Legal Córdoba
020 _a9788412005394
035 _aa7086826
040 _aSpMaBN
_bspa
_cSpMaBN
_erda
_dEs-MaACL
080 _a323.21
080 _a303.444
100 1 _aMayor Zaragoza, Federico,
_d1934-2024
_eaut
_979415
245 1 0 _aInventar el futuro /
_cFederico Mayor Zaragoza ; prólogo de Ingeborg Breines
250 _aPrimera edición: noviembre 2021
264 1 _aRute :
_bEditorial Ánfora Nova,
_c2021
300 _a574 páginas :
_bilustraciones (blanco y negro y color) ;
_c22 cm
336 _aTexto
_2rdacontent
337 _asin mediación
_2rdamedia
338 _avolumen
_2rdacarrier
490 1 _aÁnfora nova. Serie Ensayo ;
_v20
500 _aCatalogación provisional. Signatura: N 8553. Depósito J.
504 _aBibliografía: páginas 539-543. Índices
650 7 _aSociedad civil
_2embne
_917170
650 7 _aProspectiva
_9166465
830 _aÁnfora Nova. Serie Ensayo
_v20
_9228388
852 _aES-MaACL
_9200367
_bR.153331
_jN-8553
_zEn proceso
_cDEPOJ
_gDedicatoria autógrafa del autor
_hDonación: Editorial
942 _n0
_cMONOGRAFIA
999 _c193062
_d193062